| Tag |
First Indicator |
Second Indicator |
Subfields |
| LEADER |
00000nmm a22000001a 4500 |
| 001 |
in00004615366 |
| 006 |
m|||||o||m|||||||| |
| 007 |
cr|cn |||uuuuu |
| 008 |
221118s2013 xxu||||co|||| ||||||eng d |
| 005 |
20221207214737.4 |
| 035 |
|
|
|a (TxWaIVM)IV39349CaGr
|
| 040 |
|
|
|a TxWaIVM
|c TxWaIVM
|
| 245 |
0 |
0 |
|a Graphic Biographies: Nathan Hale Revolutionary Spy /
|c powered by Library Pass.
|
| 260 |
3 |
|
|a [United States] :
|b Capstone,
|c 2013.
|
| 300 |
|
|
|a 1 online resource.
|
| 336 |
|
|
|a text
|b txt
|2 rdacontent
|
| 337 |
|
|
|a computer
|b c
|2 rdamedia
|
| 338 |
|
|
|a online resource
|b cr
|2 rdacarrier
|
| 520 |
|
|
|a A biography telling the life story of Revolutionary War hero and spy Nathan Hale. Written in graphic-novel format.
|
| 521 |
|
|
|a 5
|
| 538 |
|
|
|a Requires a valid library card and registration for new users.
|
| 538 |
|
|
|a Mode of access: World Wide Web.
|
| 538 |
|
|
|a System requirements: Flash 10.1 or higher, Windows XP and higher, Internet Explorer 7 and higher, Firefox 3.6 and higher, Google Chrome; Max OS 10.5 and higher, Safari 4 and higher.
|
| 650 |
|
0 |
|a Comic books, strips, etc.
|
| 655 |
|
7 |
|a Electronic books.
|2 local
|
| 655 |
|
7 |
|a Comic books, strips, etc.
|2 gsafd
|
| 650 |
|
0 |
|a Biographical comic books, strips, etc.
|
| 655 |
|
7 |
|a Biographical comic books, strips, etc.
|2 gsafd
|
| 650 |
|
0 |
|a Comic books, strips, etc. --History
|
| 655 |
|
7 |
|a Comic books, strips, etc. --History
|2 gsafd
|
| 650 |
|
0 |
|a Comic books, strips, etc. --Creative nonfiction
|
| 655 |
|
7 |
|a Comic books, strips, etc. --Creative nonfiction
|2 gsafd
|
| 650 |
|
0 |
|a Reference
|
| 655 |
|
7 |
|a Reference
|2 gsafd
|
| 700 |
1 |
|
|a Olson, Nathan.
|e writer.
|
| 700 |
1 |
|
|a Martin, Cynthia.
|e artist.
|
| 710 |
2 |
|
|a Library Pass, LLC.
|
| 856 |
4 |
0 |
|u http://proxy.library.tamu.edu/login?url=https://tamu.librarypass.com/product/com.iversecomics.capstone.graphic.biographies.nathan.hale.revolutionary.spy.07292013
|z Connect to this electronic book (First time users create your free account)
|t 0
|
| 955 |
|
|
|a Comics Plus.
|
| 999 |
f |
f |
|s a949ac7e-f108-4d3b-9417-c5fff906186b
|i 12e0d64f-83d5-4f96-8ce2-4dd3e7fa5cff
|t 0
|
| 952 |
f |
f |
|a Texas A&M University
|b College Station
|c Electronic Resources
|d Available Online
|t 0
|h Library of Congress classification
|
| 998 |
f |
f |
|t 0
|l Available Online
|